1243 1823 1176 1109 1163 1384 1523 1989 1540 1082 1582 1811 1752 1903 1881 1427 1669 1787 1659 1193 1470 1603 1322 1105 1650 1484 1775 1196 1762 1618 1079 1767 1295 1595 1450 1777 1365 1913 1972 1548 1205 1854 1328 1506 1149 1733 1169 1978 1053 1418 1360 1424 1574 1411 1355 1166 1993 1540 1070 1410 1170 1449 1643 1803 1999 1201 1415 1083 1963 1534 1454 1878 1721 1768 1464 1011 1321 1975 1886 1661 1999 1243 1487 1401 1821 1768 1635 1722 1064 1147 1667 1163 1618 1953 1916 1389 1475 1326 1959 BCNSPRNW ULIB Ver.6.0+V

เปลี่ยนเป็นภาษาไทย

Change to English
 แสดงรายละเอียดบรรณานุกรม
  กลับหน้าหลัก

Brief Record : Get Marc (ISO 2709) : E-mail record : QR code < ปิดหน้าต่าง
LEADER : 00000nam 2200000uu 4500
001    13399121940
003     ULIB
008    121214s2552||||th 000 0 tha d
020    ^a9786167056029
060  4 ^aWM15^bว583อ 2552
100 0  ^aวิทยากร เชียงกูล
245 10 ^aอธิบายศัพท์จิตวิทยาและการพัฒนาตนเอง = Dictionary of psychologyand self development /^cวิทยากร เชียงกูล
250    ^aพิมพ์ครั้งที่ 1
260    ^aกรุงเทพฯ :^bสายธาร,^c2552
300    ^a260 หน้า ;^c21 ซม
650  7 ^adictionaries
650  7 ^apsychology
945    ^p200^l0^i16548
945    ^p200^l0^i16549
995    ^aทศพร
999    ^aทศพร เกษรทอง
รายการนี้ยังไม่มีแท็ก
คุณยังไม่ได้ล็อกอิน คุณสามารถมีกิจกรรมร่วมกับเว็บไซต์ได้ แต่ต้องล็อกอินก่อน ::
  ล็อกอิน

รายการสื่อสารสนเทศ

ลำดับที่ ประเภท เลขเรียก/บาร์โค้ด สถานที่ สถานะ
1. วิทยาศาสตร์การแพทย์ และสุขภาพ
วิทยาศาสตร์การแพทย์ และสุขภาพ
สถานะ=หนังสือเก่า
WM15 ว583อ 2552 ฉ.2 
  Barcode: 16549
ห้องสมุดวิทยาเขตนครสวรรค์
►ส่วนจัดเก็บหนังสือเก่า นว.
บนชั้น
  ขอยืม

รายการใกล้เคียง
    ผู้แต่ง [วิทยากร เชียงกูล]

    หัวเรื่อง [dictionaries]
    หัวเรื่อง [psychology]

BibComment


ยังไม่เคยถูกคอมเมนท์

คอมเมนท์ทรัพยากรรายการนี้
  คอมเมนท์: อธิบายศัพท์จิตวิ..


 Copyright 2026. Bcnsprnw @Library